| 000 | 00558nam a22001931c 4500 | ||
|---|---|---|---|
| 001 | 012630071 | ||
| 008 | 160415s1981 gw a||| 000u ger d | ||
| 020 |
_a3765417947 _93-7654-1794-7 |
||
| 041 | _ager | ||
| 100 | 1 | _aRichter, Werner | |
| 245 | 0 | 0 |
_aFriedrich III. : _bLeben und Tragik des zweiten Hohenzollern-Kaisers / _cWerner Richter |
| 250 | _a2., überarb. und neu bebilderte Aufl. | ||
| 264 |
_aMünchen : _bBruckmann, _c1981 |
||
| 300 | _a392 S. : Ill., Kt. | ||
| 600 | 0 | _aFriedrich | |
| 942 | _cMG | ||
| 040 | _cRU-10907106 | ||
| 003 | RU-10907106 | ||
| 999 |
_c25781 _d25781 |
||